Гетероциклические соединения / (Record no. 24830)
[ view plain ]
| 000 -LEADER | |
|---|---|
| fixed length control field | 01095nam a2200253 a 4500 |
| 001 - CONTROL NUMBER | |
| control field | 000080496 |
| 003 - CONTROL NUMBER IDENTIFIER | |
| control field | AM-YEHGA |
| 005 - DATE AND TIME OF LATEST TRANSACTION | |
| control field | 20250617121843.0 |
| 008 - FIXED-LENGTH DATA ELEMENTS--GENERAL INFORMATION | |
| fixed length control field | 970923s1953 ru ||||| |||| 00| 0 rus d |
| 020 ## - INTERNATIONAL STANDARD BOOK NUMBER | |
| Terms of availability | |
| 040 ## - CATALOGING SOURCE | |
| Original cataloging agency | AM-YeHGA |
| 041 1# - LANGUAGE CODE | |
| Language code of text/sound track or separate title | rus |
| Language code of original | eng |
| 090 ## - LOCALLY ASSIGNED LC-TYPE CALL NUMBER (OCLC); LOCAL CALL NUMBER (RLIN) | |
| -- | 25128 |
| 245 00 - TITLE STATEMENT | |
| Title | Гетероциклические соединения / |
| Statement of responsibility, etc. | Под ред. Р. Эльдерфилда, Ю.К. Юрьева ; Пер. с англ. О.А. Реутова и др. |
| 260 ## - PUBLICATION, DISTRIBUTION, ETC. | |
| Place of publication, distribution, etc. | Москва : |
| Name of publisher, distributor, etc. | Изд-во иностр. лит., |
| Date of publication, distribution, etc. | 1953 -. |
| 300 ## - PHYSICAL DESCRIPTION | |
| Extent | том |
| 505 10 - FORMATTED CONTENTS NOTE | |
| Miscellaneous information | Т. 4 (1955, 538 с., ил., библиогр. в конце частьи ) |
| -- | Т. 5 (1961, 603 с.) |
| -- | Т. 6 (1960, 611 с. ) |
| -- | Т. 7 (1965, 500 с. ) |
| -- | Т. 8 (1969, 363 с. ) |
| 534 ## - ORIGINAL VERSION NOTE | |
| Introductory phrase | Оригинал на англ. : |
| Main entry of original | Edt. Robert C. Elderfield |
| 650 14 - SUBJECT ADDED ENTRY--TOPICAL TERM | |
| Topical term or geographic name entry element | Общее о гетероциклических соединениях |
| 700 1# - ADDED ENTRY--PERSONAL NAME | |
| Personal name | Эльдерфилд, Р. |
| Relator term | ред. |
| Relationship | edt |
| 700 1# - ADDED ENTRY--PERSONAL NAME | |
| Personal name | Юрьев, Ю. К. |
| Relator term | ред. |
| Relationship | edt |
| 700 1# - ADDED ENTRY--PERSONAL NAME | |
| Personal name | Реутов, О. А. |
| Relator term | пер. |
| Relationship | trl |
| 942 ## - ADDED ENTRY ELEMENTS (KOHA) | |
| Source of classification or shelving scheme | Universal Decimal Classification |
| Koha item type | Գրքեր / Books |
| Withdrawn status | Lost status | Damaged status | Not for loan | Collection | Home library | Current library | Date acquired | Serial enumeration / chronology | Total checkouts | Full call number | Barcode | Date last seen | Price effective from | Koha item type | Public note | Source of classification or shelving scheme |
|---|---|---|---|---|---|---|---|---|---|---|---|---|---|---|---|---|
| General | Fundamental Scientific Library | Fundamental Scientific Library | 21/12/2016 | Т. 4 | PIII/57537 | FL0410268 | 21/12/2016 | 21/12/2016 | Գրքեր / Books | 30 Days Loan | ||||||
| General | Fundamental Scientific Library | Fundamental Scientific Library | 06/12/2017 | Т. 6 | PIII/3206 | FL0468136 | 06/12/2017 | 06/12/2017 | Գրքեր / Books | 30 Days Loan | Universal Decimal Classification | |||||
| General | Fundamental Scientific Library | Fundamental Scientific Library | 13/12/2017 | Т. 6 | PIII/3293 | FL0469122 | 13/12/2017 | 13/12/2017 | Գրքեր / Books | 30 Days Loan | Universal Decimal Classification | |||||
| General | Fundamental Scientific Library | Fundamental Scientific Library | 12/01/2018 | Т. 5 | PIII/5456 | FL0471365 | 12/01/2018 | 12/01/2018 | Գրքեր / Books | 30 Days Loan | Universal Decimal Classification | |||||
| General | Fundamental Scientific Library | Fundamental Scientific Library | 19/01/2018 | Т. 5 | PIII/7263 | FL0474838 | 19/01/2018 | 19/01/2018 | Գրքեր / Books | 30 Days Loan | ||||||
| General | Fundamental Scientific Library | Fundamental Scientific Library | 21/02/2018 | Т. 7 | PIII/19297 | FL0482470 | 21/02/2018 | 21/02/2018 | Գրքեր / Books | 30 Days Loan | Universal Decimal Classification | |||||
| General | Fundamental Scientific Library | Fundamental Scientific Library | 16/03/2018 | Т. 8 | PIII/28479 | FL0489865 | 16/03/2018 | 16/03/2018 | Գրքեր / Books | 30 Days Loan | Universal Decimal Classification |
ՀՀ Գիտությունների ազգային ակադեմիայի հիմնարար գիտական գրադարան = Fundamental Scientific Library of NAS RA
All site content, except where otherwise noted, is licensed under a